Квиз о Црној Гори - Statistics

General Stats
  • This quiz has been taken 1 502 times
  • The average score is 15 of 18
Answer Stats
Опис Одговор % Correct
Главни град Подгорица
99%
Државе са којима се граничи Србија
99%
Двоглава животиња на грбу Орао
98%
Државе са којима се граничи Босна и Херцеговина
98%
Део Средоземља на које Црна Гора излази {Јадранско} море
97%
Државе са којима се граничи Албанија
97%
Државе са којима се граничи Хрватска
95%
Полуострво на којем лежи Балканско полуострво
94%
Написао је Горски Вијенац, Лучу Микрокозму... Петар II Петровић Његош
89%
Држава чији је Црна Гора била део 1918–1992 Југославија
88%
Војни савез којем се придружила 2017. НАТО
88%
Старо име главног града 1946–1992, именован у част диктатора {Тито}град
82%
Царство које је контролисало делове Црне Горе 1496–1878 Османско царство
77%
Највећи залив, припада УНЕСКО-вој светској баштини Бока Которска
69%
Највеће језеро јужне Европе Скадарско језеро
67%
Први и последњи краљ Црне Горе Никола Петровић
61%
Италијански град држава, владао заливом изнад 1420–1797 Венеција
50%
Црна Гора се 2006. придружила УН. Која је једина држава која је то урадила након ње? Јужни Судан
30%
No matching quizzes found
Score Distribution
Percent of People with Each Score
Percentile by Number Answered
Your Score History
You have not taken this quiz